000 00480cam a2200157 4500500
005 20260405001954.0
041 _afre
042 _adc
100 1 0 _aPersonne, Thomas
_eauthor
245 0 0 _aCritique du jugement
260 _c2015.
500 _a7
690 _aPascal Quignard
786 0 _nPhilosophie magazine | 88 | 4 | 2015-04-01 | p. 59-60 | 1951-1787
856 4 1 _uhttps://shs.cairn.info/magazine-philosophie-magazine-2015-4-page-59?lang=fr&redirect-ssocas=7080
999 _c2052880
_d2052879